LEADER 04497nam 2200949 450 001 9910460945603321 005 20200520144314.0 010 $a1-60650-922-5 024 7 $z10.5643/9781606509227 035 $a(CKB)3710000000552090 035 $a(OCoLC)936210035 035 $a(CaBNvSL)swl00406126 035 $a(MiAaPQ)EBC4307180 035 $a(Au-PeEL)EBL4307180 035 $a(CaPaEBR)ebr11147003 035 $a(CaONFJC)MIL884201 035 $a(OCoLC)939264322 035 $a(EXLCZ)993710000000552090 100 $a20160127d2016 fy 0 101 0 $aeng 135 $aurcnu|||||||| 181 $2rdacontent 182 $2rdamedia 183 $2rdacarrier 200 10$aDiet and disease $enutrition for gastrointestinal, musculoskeletal, hepatobiliary, pancreatic, and kidney diseases /$fKatie Ferraro 205 $aFirst edition. 210 1$aNew York, [New York] (222 East 46th Street, New York, NY 10017) :$cMomentum Press,$d2016. 215 $a1 online resource (xii, 117 pages) $cillustrations 225 1 $aNutrition and dietetics practice collection 311 $a1-60650-921-7 320 $aIncludes bibliographical references and index. 327 $a1. Nutrition and gastrointestinal disorders -- 2. Musculoskeletal disorders, rheumatic disease, and anemias -- 3. Hepatobiliary, gallbladder, pancreatic, and kidney diseases -- Index. 330 3 $aCan food really take the place of medicine? While modern medicine certainly has its place and does more than its fair share of good, there is no denying that many of society's most perilous chronic diseases are exacerbated by poor diets. Whereas earlier infectious diseases used to cause the most death, the impact of chronic diseases now far overshadows that of infectious diseases. Diet plays a significant role in the development of a number of types of chronic disease, such as heart disease, diabetes, and certain types of cancer. This title explores the impact of dietary choices on the prevention, management, and treatment of a number of medical conditions and disease states including the gastrointestinal tract, musculoskeletal disorders, rheumatic disease, anemias, hepatobiliary, gallbladder, pancreatic, and kidney diseases. The topics of nutrition and cardiovascular disease, diabetes and metabolic stress, critical illness, cancer and HIV/AIDS are covered in the subsequent title Diet and Disease I. 410 0$aNutrition and dietetics practice collection. 606 $aDiet in disease 606 $aDiet therapy 606 $aGastrointestinal system$xDiseases$xDiet therapy 606 $aMusculoskeletal system$xDiseases$xDiet therapy 606 $aLiver$xDiseases$xDiet therapy 606 $aGallbladder$xDiseases$xDiet therapy 606 $aPancreas$xDiseases$xDiet therapy 606 $aKidneys$xDiseases$xDiet therapy 606 $aDiet Therapy 606 $aGastrointestinal Diseases$xdiet therapy 606 $aMusculoskeletal Diseases$xdiet therapy 606 $aLiver Diseases$xdiet therapy 606 $aGallbladder Diseases$xdiet therapy 606 $aPancreatic Diseases$xdiet therapy 606 $aKidney Diseases$xdiet therapy 608 $aLibros electronicos. 610 $aMedical nutrition therapy 610 $adiet and disease 610 $anutrition care process 610 $adiet therapy 610 $agastrointestinal disorders 610 $amusculoskeletal diseases 610 $aosteoporosis 610 $akidney disease diet 610 $aliver disease diet 615 0$aDiet in disease. 615 0$aDiet therapy. 615 0$aGastrointestinal system$xDiseases$xDiet therapy. 615 0$aMusculoskeletal system$xDiseases$xDiet therapy. 615 0$aLiver$xDiseases$xDiet therapy. 615 0$aGallbladder$xDiseases$xDiet therapy. 615 0$aPancreas$xDiseases$xDiet therapy. 615 0$aKidneys$xDiseases$xDiet therapy. 615 2$aDiet Therapy. 615 2$aGastrointestinal Diseases$xdiet therapy. 615 2$aMusculoskeletal Diseases$xdiet therapy. 615 2$aLiver Diseases$xdiet therapy. 615 2$aGallbladder Diseases$xdiet therapy. 615 2$aPancreatic Diseases$xdiet therapy. 615 2$aKidney Diseases$xdiet therapy. 676 $a615.854 700 $aFerraro$b Katie.$0958793 801 0$bFINmELB 801 1$bFINmELB 906 $aBOOK 912 $a9910460945603321 996 $aDiet and disease$92213302 997 $aUNINA LEADER 03032nam 2200649 a 450 001 9910452676603321 005 20200520144314.0 010 $a0-7619-5940-8 010 $a1-4462-5035-0 010 $a1-4462-6524-2 010 $a1-283-88156-X 035 $a(CKB)2550000000112225 035 $a(EBL)1001345 035 $a(OCoLC)827617586 035 $a(SSID)ssj0000675745 035 $a(PQKBManifestationID)11415683 035 $a(PQKBTitleCode)TC0000675745 035 $a(PQKBWorkID)10670476 035 $a(PQKB)10758356 035 $a(MiAaPQ)EBC1001345 035 $a(OCoLC)1007859516 035 $a(StDuBDS)EDZ0000063802 035 $a(Au-PeEL)EBL1001345 035 $a(CaPaEBR)ebr10682742 035 $a(CaONFJC)MIL419406 035 $a(EXLCZ)992550000000112225 100 $a20120326d1998 fy 0 101 0 $aeng 135 $aur|n|---||||| 181 $ctxt 182 $cc 183 $acr 200 00$aMedia policy$b[electronic resource] $econvergence, concentration, and commerce /$fedited by Denis McQuail and Karen Siune for the Euromedia Research Group 210 $aLondon $cSAGE$d1998 215 $a1 online resource (241 p.) 300 $aDescription based upon print version of record. 311 $a1-4462-3269-7 311 $a0-7619-5939-4 320 $aIncludes bibliographical references and index. 327 $aCover; Contents; Contributors; Introduction; Chapter 1 - Changing Media and Changing Society; Part I - Structural Changes; Chapter 2 - The European Newspaper Market; Chapter 3 - Does Public Broadcasting have a Future?; Chapter 4 - Media Concentration and the Public Interest; Part II - Technological Changes; Chapter 5 - The Digital Future; Chapter 6 - The Internet: A New Mass Medium?; Chapter 7 - Convergence: Legislative Dilemmas; Part III - Media and Sociocultural Change; Chapter 8 - Commercialization and Beyond; Chapter 9 - Politicization in Decline? 327 $aChapter 10 - Media Use in the European HouseholdChapter 11 - The Media in the Age of Digital Communication; Part IV - Policy Responses; Chapter 12 - Debating National Policy; Chapter 13 - Media Concentration: Options for Policy; Chapter 14 - European Policy Initiatives; Conclusion; Chapter 15 - Looking to the Future; Index 330 8 $aIn this state-of-the-art assessment of media policy in the information age, members of the Euromedia Research Group examine the ways in which national and supranational policy is reacting to profound changes in the European media landscape. 606 $aMass media policy$zEurope 606 $aCommunication planning$zEurope 608 $aElectronic books. 615 0$aMass media policy 615 0$aCommunication planning 676 $a302.23/094 701 $aMcQuail$b Denis$0120233 701 $aSiune$b Karen$01034417 712 02$aEuromedia Research Group. 801 0$bStDuBDS 801 1$bStDuBDS 906 $aBOOK 912 $a9910452676603321 996 $aMedia policy$92453558 997 $aUNINA LEADER 05629oam 2201189 c 450 001 9910957144603321 005 20260302090207.0 010 $a3-657-77572-2 024 7 $a10.30965/9783657775729 035 $a(CKB)4330000000532681 035 $a(nllekb)BRILL9783657775729 035 $a(MiAaPQ)EBC6515121 035 $a(Au-PeEL)EBL6515121 035 $a(OCoLC)1243549514 035 $a(Brill | Scho?ningh)9783657775729 035 $a(Brill | Schöningh)9783657775729 035 $a(EXLCZ)994330000000532681 100 $a20260302d2015 uy 0 101 0 $ager 135 $aurun####uuuua 181 $ctxt$2rdacontent 182 $cc$2rdamedia 183 $2rdacarrier 200 10$aUchronie$eUngeschehene Geschichte von der Antike bis zum Steampunk$fJohannes Dillinger 205 $a1st ed. 210 $aPaderborn$cBrill | Schöningh$d2015 215 $a1 online resource 311 08$a3-506-77572-3 320 $aIncludes bibliographical references. 327 $aPreliminary Material -- Zeitvergleich: Was ist uchronische, was ist ?reale? Geschichte? -- Bloßer Zeitvertreib? Wieso soll Uchronie in der Populärkultur betrachtet werden? -- Zeitmanagement: Herangehensweise, notwendige Abgrenzungen und Einschränkungen -- Frühzeit: Antike Uchronien -- Zeit und Ewigkeit: Vom Mittelalter zum 19. Jahrhundert -- Gleitzeit: Vom Beginn des 20. Jahrhunderts bis in die 1960er Jahre -- Bedenkzeit: Von den 1960ern bis in die 1980er Jahre -- Zeitplan: Demandts Theorie der Uchronie -- Die große Zeit der Uchronie -- Uchronien in der Literatur bis zur Mitte des 19. Jahrhunderts -- Uchronien im späten 19. und frühen 20. Jahrhundert -- Endzeit: Uchronie im Kalten Krieg -- Zeitgemäß: Uchronien nach dem Kalten Krieg -- Zeitbombe: Intertextualität statt Geschichte in Mashups -- Dampffantasien: Steampunkliteratur -- Spielzeit: Uchronischer Film -- Der uchronische politische Film -- Zweite Chancen: Private Uchronie im Film -- Uchronischer Film im weiteren Sinn -- Uchronie in der Filmproduktion -- Kunst und Krempel -- Exkurs: Des Teenagers alte Kleider -- Steampunk als Mode -- Die Botschaft der Dampfmaschinisten -- Reprise: Uchronische Musik -- Zwischenzeit: Versuch Einer Bilanz der Uchronie -- Anmerkungen -- Literatur -- Webpages -- Bildnachweise. 330 $aWie wäre die Weltgeschichte verlaufen, wenn Hitler den Zweiten Weltkrieg gewonnen hätte? Wenn die Südstaaten im amerikanischen Bürgerkrieg gesiegt hätten? Wenn die Computerrevolution nicht eingesetzt hätte? Johannes Dillinger nennt solche Gedankenspiele »Uchronien« und lässt seine Leser ein faszinierendes Genre entdecken ? in Geschichtsschreibung und Literatur, Film und Popkultur. Dieses Buch voller Überraschungen zeigt, dass die Beschäftigung mit ungeschehener Geschichte nicht nur Ausgangspunkt zahlreicher literarischer Werke war, sondern auch Drehbuchautoren und Künstler inspiriert hat. Im »Steampunk« ist die Idee einer anders verlaufenen technischen Revolution zur Grundlage einer Szene-Ästhetik geworden, die auf die phantastischen Romane von Jules Verne zurückgeht. Doch die Uchronie ist nicht nur heiteres Spiel mit Geschichte ? sie kann von Historikern auch dazu genutzt werden, ihre eigenen Auffassungen über das Verhältnis von Gesetzmäßigkeit und Zufall, Individuum und Gesellschaft, Strukturen und Ereignissen zu überprüfen. So bietet dieser unterhaltsame Parforceritt durch überraschende, kuriose und manchmal auch erschreckende Szenarien vielerlei Anregungen, um sich in die Welt der ungeschehenen Geschichte zu stürzen. 606 $aH. P. Lovecraft 606 $aH.G. Wells 606 $aFatherland 606 $aFantasy 606 $aDorking 606 $aHerodot 606 $aHitler 606 $aJeremy Black 606 $aJules Verne 606 $aKaiserfront 606 $aKim Robinson 606 $aNapoleon 606 $aPhiladelphia Experiment II 606 $aPhilip K. Dick 606 $aPhilip Roth 606 $aPopkultur 606 $aRichard Evans 606 $aRobert Harris 606 $aScience Fiction 606 $aStadt der verlorenen Kinder 606 $aStauffenberg 606 $aThree Musketeers 606 $aVirtuelle Geschichte 606 $aWinston Churchill 606 $aAlexander Demandt 606 $aBrazil 606 $aC.S.A 606 $aChristoph Ransmayer 606 $aCivil War 606 $aCthulhu 606 $aDesign 615 4$aH. P. Lovecraft 615 4$aH.G. Wells 615 4$aFatherland 615 4$aFantasy 615 4$aDorking 615 4$aHerodot 615 4$aHitler 615 4$aJeremy Black 615 4$aJules Verne 615 4$aKaiserfront 615 4$aKim Robinson 615 4$aNapoleon 615 4$aPhiladelphia Experiment II 615 4$aPhilip K. Dick 615 4$aPhilip Roth 615 4$aPopkultur 615 4$aRichard Evans 615 4$aRobert Harris 615 4$aScience Fiction 615 4$aStadt der verlorenen Kinder 615 4$aStauffenberg 615 4$aThree Musketeers 615 4$aVirtuelle Geschichte 615 4$aWinston Churchill 615 4$aAlexander Demandt 615 4$aBrazil 615 4$aC.S.A. 615 4$aChristoph Ransmayer 615 4$aCivil War 615 4$aCthulhu 615 4$aDesign 676 $a809.38768 700 $aDillinger$b Johannes$4aut$01618200 801 0$bMiAaPQ 801 1$bMiAaPQ 801 2$bMiAaPQ 906 $aBOOK 912 $a9910957144603321 996 $aUchronie$93949800 997 $aUNINA